000 00253nam a22001097a 4500
082 _a621.381 PAL
100 _aPALLAS,ABRAHAM
_965574
245 _aELECTRONIC DEVICES AND CIRCUIT ANALYSIS
260 _aUSA
_bDELMAR
_c1986
300 _a542P
942 _cBK
999 _c573738
_d573738